Library of the University of Algiers 3
Ibrahim Sultan Cheibout
شعار جامعة الجزائر 3
مكتبة جامعة الجزائر 3
إبراهيم سلطان شيبوط

بحوث العمليات تطبيقات على الحاسوب / (رقم التسجيلة. 41889)

تفاصيل مارك
000 -LEADER
fixed length control field 01675nam a2200241Ia 4500
003 - CONTROL NUMBER IDENTIFIER
control field Ost
005 - DATE AND TIME OF LATEST TRANSACTION
control field 20260507074936.0
008 - FIXED-LENGTH DATA ELEMENTS--GENERAL INFORMATION
fixed length control field 260507s9999||||xx |||||||||||||| ||und||
040 ## - CATALOGING SOURCE
Transcribing agency fsecg
041 ## - LANGUAGE CODE
Language code of text/sound track or separate title ara
082 ## - DEWEY DECIMAL CLASSIFICATION NUMBER
Classification number 658.403
100 ## - MAIN ENTRY--PERSONAL NAME
Personal name الصفار، احمد عبد اسماعيل
Relator term مؤلف
245 #0 - TITLE STATEMENT
Title بحوث العمليات تطبيقات على الحاسوب /
Statement of responsibility, etc. احمد عبد اسماعيل الصفار
260 ## - PUBLICATION, DISTRIBUTION, ETC.
Place of publication, distribution, etc. عمان:
Name of publisher, distributor, etc. دارالمناهج,
Date of publication, distribution, etc. 2006
300 ## - PHYSICAL DESCRIPTION
Extent 592 صفحة؛
Other physical details إيضاحات ؛
Dimensions 24 سم
504 ## - BIBLIOGRAPHY, ETC. NOTE
Bibliography, etc. note بيبليوغرافيا ص.587
520 ## - SUMMARY, ETC.
Summary, etc. اشتمل كتابنا بحوث العمليات تطبيقات على الحاسوب على سبعة عشر فصلا تناول فيها اهم المواضيع التي تهم القارئ في مجال الأعمال والصناعة والتسويق والأفراد كالبرمجة الخطية ونظرية القرارات ونذكرها بالتسلسل التالي بحوث العمليات تطبيقات على الحاسوب ، ادارة الأعمال، الحواسيب-دور التحليل الكمي في عملية اتخاد القرارات-نظرية القرارات-شجرة القرار-التنبؤ-البرمجية-الطريقة المبسطة-البرمجة الخطية-نموذج النقل-مشكلة التخصيص-التحليل الشبكي-تحليل ماركوف-نظرية المباريات-المحاكاة
653 ## - INDEX TERM--UNCONTROLLED
Uncontrolled term ادارة الاعمال
653 ## - INDEX TERM--UNCONTROLLED
Uncontrolled term بحوث العمليات
653 ## - INDEX TERM--UNCONTROLLED
Uncontrolled term حاسوب
700 ## - ADDED ENTRY--PERSONAL NAME
Personal name التميمي، ماجدة عبد اللطيف
Relator term مؤلف ثانوي
942 ## - ADDED ENTRY ELEMENTS (KOHA)
Koha item type كتب
المقتنيات
Withdrawn status Lost status Source of classification or shelving scheme Damaged status Not for loan Home library Current library Date acquired Serial enumeration / chronology Inventory number Total checkouts Full call number Barcode Date last seen Price effective from Koha item type
    Dewey Decimal Classification   NOT LOAN / إعارة داخلية مكتبة كلية العلوم الإقتصادية والعلوم التجارية وعلوم التسيير مكتبة كلية العلوم الإقتصادية والعلوم التجارية وعلوم التسيير 07/05/2026 الطابق الأرضي 3108   أ/2730ن1 3108 07/05/2026 07/05/2026 كتب
    Dewey Decimal Classification   Available مكتبة كلية العلوم الإقتصادية والعلوم التجارية وعلوم التسيير مكتبة كلية العلوم الإقتصادية والعلوم التجارية وعلوم التسيير 07/05/2026 الطابق الأرضي 3109   أ/2730ن2 3109 07/05/2026 07/05/2026 كتب
    Dewey Decimal Classification   Available مكتبة كلية العلوم الإقتصادية والعلوم التجارية وعلوم التسيير مكتبة كلية العلوم الإقتصادية والعلوم التجارية وعلوم التسيير 07/05/2026 الطابق الأرضي 3110   أ/2730ن3 3110 07/05/2026 07/05/2026 كتب
    Dewey Decimal Classification   Available مكتبة كلية العلوم الإقتصادية والعلوم التجارية وعلوم التسيير مكتبة كلية العلوم الإقتصادية والعلوم التجارية وعلوم التسيير 07/05/2026 الطابق الثاني 3111   أ/2730ن4 3111 07/05/2026 07/05/2026 كتب
    Dewey Decimal Classification   Available مكتبة كلية العلوم الإقتصادية والعلوم التجارية وعلوم التسيير مكتبة كلية العلوم الإقتصادية والعلوم التجارية وعلوم التسيير 07/05/2026 الطابق الثاني 3112   أ/2730ن5 3112 07/05/2026 07/05/2026 كتب
    Dewey Decimal Classification   Available مكتبة كلية العلوم الإقتصادية والعلوم التجارية وعلوم التسيير مكتبة كلية العلوم الإقتصادية والعلوم التجارية وعلوم التسيير 07/05/2026 مكتبة بن عكنون 3113   أ/2730ن6 3113 07/05/2026 07/05/2026 كتب
    Dewey Decimal Classification   Available مكتبة كلية العلوم الإقتصادية والعلوم التجارية وعلوم التسيير مكتبة كلية العلوم الإقتصادية والعلوم التجارية وعلوم التسيير 07/05/2026 مكتبة بن عكنون 3114   أ/2730ن7 3114 07/05/2026 07/05/2026 كتب
    Dewey Decimal Classification   Available مكتبة كلية العلوم الإقتصادية والعلوم التجارية وعلوم التسيير مكتبة كلية العلوم الإقتصادية والعلوم التجارية وعلوم التسيير 07/05/2026 مكتبة بن عكنون 3115   أ/2730ن8 3115 07/05/2026 07/05/2026 كتب

موارد الويب المفتوحة


© University of Algiers 3 All Rights Reserved
|
Implemented by LECHELAH Riad